000 01455cam a22003857a 4500
003 CHAP
005 20220329143002.0
008 050530s2004 mx a r 00110 spa d
010 _a90371
011 _a91343
035 _a101901
040 _cCHAP
090 _aTesis
100 0 0 _aCadena Iñiguez, Pedro.
_917048
245 1 0 _aActores, estrategías y dinámicas de organización en el agro de la Frailesca, Chiapas
_c/por Pedro Cadena Iñiguez
260 _aMontecillo, Méx. :
_bEl autor,
_c2004
300 _a183 h. :
_bgráfs., cuadros, diagramas
502 _aTesis (Dr. en Ciencias) -- Colegio de Postgraduados. Instituto de Socioeconomía, e Informática. Programa en Estudios del Desarrollo Rural
590 _aALEPH
_b10
_c20130110
_lUCH01
_h1506
590 _aBATCH-UPD
_b10
_c20130110
_lUCH01
_h0957
590 _aBATCH-UPD
_b10
_c20130410
_lUCH01
_h0609
590 _aBATCH-UPD
_b10
_c20130914
_lUCH01
_h0036
590 _aBATCH-UPD
_b10
_c20130914
_lUCH01
_h1852
590 _aCONVERSION
_b10
_c20130109
_lUCH01
_h1350
650 1 4 _aAgricultura
_xChiapas.
_91355
650 1 4 _aAlianza para el progreso.
_94095
650 1 4 _aChiapas
_xCondiciones rurales.
_922226
650 1 4 _aDesarrollo rural.
_932067
650 1 4 _aOrganización de productores.
_983544
650 1 4 _aTransferencia de tecnología.
_9114619
901 _aBK
905 _aElisama A. H.
942 _cTESIS
949 _aTesis
_bBC
_cTES
_d33724000974549
_eTS1
_h43701
_i101901
_sb
999 _c90371
_d90371